000 00642nam a2200181Ia 4500
008 090124s9999 xx 000 0 und d
082 _b20984
100 _aकर्वे चिं. श्री.
245 _a नवी विज्ञान क्षितीजे
250 _a0
260 _bपरिमल प्रकाशन
_c1983
300 _a120
600 _aकर्वे चिं. श्री.
630 _a नवी विज्ञान क्षितीजे
700 _aकर्वे चिं. श्री.
730 _a नवी विज्ञान क्षितीजे
942 _cBOOK
999 _c91126
_d91126